EU ponúka dvojsemestrálne štúdium
Ponuka najnovších kurzov Centra ďalšieho vzdelávania Ekonomickej univerzity pre absolventov stredných a vysokých škôl. Obsah kurzov a forma štúdia.
Salvato in:
| Natura: | Capitolo di libro |
|---|---|
| Lingua: | slovacco |
| Soggetti: | |
| Tags: |
Nessun Tag, puoi essere il primo ad aggiungerne!!
|
MARC
| LEADER | 00000naa a2200000 4500 | ||
|---|---|---|---|
| 001 | r035758 | ||
| 005 | 20230824101750.8 | ||
| 041 | 0 | |a slo | |
| 044 | |a SK | ||
| 245 | 1 | 0 | |a EU ponúka dvojsemestrálne štúdium |
| 520 | |a Ponuka najnovších kurzov Centra ďalšieho vzdelávania Ekonomickej univerzity pre absolventov stredných a vysokých škôl. Obsah kurzov a forma štúdia. | ||
| 610 | 2 | 0 | |a vzdelávanie mimoškolské |
| 610 | 2 | 0 | |a vzdelávanie ďalšie |
| 610 | 2 | 0 | |a kurzy |
| 610 | 2 | 0 | |a štúdium postgraduálne |
| 610 | 2 | 0 | |a Centrum ďalšieho vzdelávania Ekonomickej univerzity v Bratislave |